Poetas castellanos anteriores al siglo XV
Guardado en:
| Formato: | Libro |
|---|---|
| Lenguaje: | Undetermined |
| Publicado: |
Madrid, España
Rivadeneyra
1864
|
| Edición: | aumentada e ilustrada |
| Materias: | |
| Acceso en línea: | Acceso al texto completo |
| Etiquetas: |
Agregar Etiqueta
Sin Etiquetas, Sea el primero en etiquetar este registro!
|
MARC
| LEADER | 00000nam a2200000Ia 4500 | ||
|---|---|---|---|
| 008 | 170316s9999 xx 000 0 und d | ||
| 040 | |a cru BVZT | ||
| 090 | |a R-413 P-3p BAE | ||
| 245 | |a Poetas castellanos anteriores al siglo XV |c Tomás Antonio Sánchez, compilador | ||
| 250 | |a aumentada e ilustrada | ||
| 260 | |a Madrid, España | ||
| 260 | |b Rivadeneyra | ||
| 260 | |c 1864 | ||
| 300 | |a 600 páginas | ||
| 505 | |r Compilación continuada por Pedro José Pidal, y aumentada e ilustada por Florencio Janer | ||
| 650 | |a REFERENCIA | ||
| 650 | |a POESÍA | ||
| 650 | |a CID | ||
| 856 | |u https://babel.hathitrust.org/cgi/pt?id=ucm.5322571896;view=1up;seq=9 |y Acceso al texto completo | ||
| 942 | |c REF | ||
| 999 | |c 14844 |d 14844 | ||
